000
00262nam a22001217a 4500
008
170621b xxu||||| |||| 00| 0 eng d
041
_a
eng
080
_a
327
100
_a
20
101
_a
SHP
245
_a
INTERNATIONAL RALATIONS
_c
EVANS.G
942
_2
udc
_c
BK
999
_c
18473
_d
18473